| 000 | 01012nam a2200289 a 4500 | ||
|---|---|---|---|
| 005 | 20240806063916.0 | ||
| 008 | 040629s2002 mx r 000 0 spa d | ||
| 020 | _a9685505128 | ||
| 035 | _aUPN01000133981 | ||
| 049 | _aCG | ||
| 050 | 4 |
_aPQ7298.18 I7.2 _bH8 |
|
| 100 | 1 |
_aHiriart, Berta, _d1950- _932013 |
|
| 245 | 1 | 3 |
_aLa huelga / _cBerta Hiriart. |
| 260 |
_aMéxico : _bInstituto Electoral del Distrito Federal, _c2002. |
||
| 300 | _a165 p. | ||
| 440 | 0 |
_aColección de cuentos abriendo brecha ; _v2 |
|
| 501 | _aPublicado con: Unidad Lupita / Jaime Alfonso Martínez Sandoval -- Tarde o temprano iba a empezar la lluvia / M. B. Brozon -- Chimichurri / Norma Muñoz Ledo | ||
| 650 | 2 |
_aCuento _93089 |
|
| 650 | 4 |
_aLiteratura mexicana _94466 |
|
| 700 | 1 | _aMartínez Sandoval, Jaime Alfonso | |
| 700 | 1 | _aBronzon, M. B. | |
| 700 | 1 |
_aMuñoz Ledo, Norma, _d1967- _929643 |
|
| 740 | 0 | _aUnidad Lupita | |
| 740 | 0 | _aTarde o temprano iba a empezar la lluvia | |
| 740 | 0 | _aChimichurri | |
| 905 | _aLibro | ||
| 999 |
_c106132 _d106132 |
||